000 00553nam a2200169Ia 4500
008 090201s9999 xx 000 0 und d
010 _aKPL-40007
040 _bमराठी
041 _aमराठी
082 _a23357
_b40007
100 _aसुर्यकांत मांडरे
245 _aधाकटी पाती
_cसुर्यकांत मांडरे
260 _c2004
_bपुरंदरे प्रकाशन
300 _a484
_bमोठा
600 _aधाकटी पाती
942 _cBOOK
999 _c222834
_d222834